|
|
|
|
| LEADER |
00000nam0a2200000 4500 |
| 001 |
315267 |
| 005 |
20231102002748.0 |
| 020 |
|
|
|a RU
|b 82-23804
|
| 035 |
|
|
|a (RuTPU)RU\TPU\book\340700
|
| 090 |
|
|
|a 315267
|
| 100 |
|
|
|a 20160227d1981 k y0rusy5003 ca
|
| 101 |
0 |
|
|a rus
|
| 102 |
|
|
|a RU
|
| 105 |
|
|
|a a z 001zy
|
| 200 |
1 |
|
|a Повышение эффективности разработки месторождений полезных ископаемых Восточной Сибири
|e сборник научных трудов
|f Иркутский политехнический институт (ИрПИ)
|
| 210 |
|
|
|a Иркутск
|c Изд-во ИПИ
|d 1981
|
| 215 |
|
|
|a 147 с.
|c ил.
|d 20 см.
|
| 320 |
|
|
|a Библиография в конце статей
|
| 606 |
1 |
|
|a Полезные ископаемые
|x Системы разработки
|2 stltpush
|3 (RuTPU)RU\TPU\subj\50118
|9 68865
|
| 610 |
1 |
|
|a экономическая эффективность
|
| 610 |
1 |
|
|a подземная разработка
|
| 610 |
1 |
|
|a открытая разработка
|
| 610 |
1 |
|
|a МПИ
|
| 610 |
1 |
|
|a месторождения полезных ископаемых
|
| 610 |
1 |
|
|a исследования
|
| 675 |
|
|
|a 622.27
|z rus
|v 4
|
| 712 |
0 |
2 |
|a Иркутский политехнический институт (ИрПИ)
|c (1960-1993)
|2 stltpush
|3 (RuTPU)RU\TPU\col\233
|
| 801 |
|
0 |
|a RU
|b RuMRKP
|c 19950704
|g psbo
|
| 801 |
|
1 |
|a RU
|b 63413507
|c 20160227
|
| 801 |
|
2 |
|a RU
|b 63413507
|c 20200720
|g RCR
|
| 942 |
|
|
|c BK
|